00253nam a22000977a 4500008004100000082001100041100002000052245001900072260005500091300000900146260601b |||||||| |||| 00| 0 eng d a001841 aBhat, Haridas A aVyaptipancakam aBangalorebPoornaprajna Samshodhana Mandiramc2011 a123p